Word Ppwer Made Easy: (Record no. 192818)

MARC details
000 -LEADER
fixed length control field 00808nam a22001937a 4500
005 - DATE AND TIME OF LATEST TRANSACTION
control field 20221007145006.0
010 ## - LCCN (DPL NO)
LC control number RP B-745783
020 ## - INTERNATIONAL STANDARD BOOK NUMBER
Terms of availability 199.00
International Standard Book Number 9788183071000
035 ## - SYSTEM CONTROL NUMBER
System control number B-745783
037 ## - SOURCE OF ACQUISITION
Source of stock number/acquisition Goyal Publishers & Distributors PVT. LTD
082 ## - DEWEY DECIMAL CLASSIFICATION NUMBER
Edition number 485
100 ## - MAIN ENTRY--PERSONAL NAME
Personal name Lewis, Norman
245 ## - TITLE STATEMENT
Title Word Ppwer Made Easy:
Remainder of title Norman Lewis
Statement of responsibility, etc the mosteffective vocabulary builder in the english language/
260 ## - PUBLICATION, DISTRIBUTION, ETC. (IMPRINT)
Place of publication, distribution, etc Delhi
Name of publisher, distributor, etc Goyal Publishers & Distributors PVT. LTD
Date of publication, distribution, etc 2020
270 ## - ADDRESS
Address 86UB Jawahar Nagar,
City Delhi
Postal code 110007
300 ## - PHYSICAL DESCRIPTION
Extent VP.
Dimensions 18cm(pbk)
942 ## - ADDED ENTRY ELEMENTS (KOHA)
Source of classification or shelving scheme Dewey Decimal Classification
Item type English Books
Call number suffix LEW
Classification part 485
Holdings
Withdrawn status Lost status Not for loan Collection code Home library Current library Date acquired Source of acquisition Cost, normal purchase price Full call number Barcode Copy number Cost, replacement price Koha item type
      Non-fiction Shahdara Branch Shahdara Branch 07/10/2022 Prakashan Sansthan/ RP/ 146/10-09-2022/97/01-09-22/23-09-22 199.00 485 LEW B-745783 1 199.00 English Books

© Delhi Public Library
Hit Counter
free hit counter